Stazioni della metropolitana di Napoli - Statistics

Statistiche generali
  • Questo quiz è stato fatto 107 volte
    40 dall'ultimo reset
  • Il punteggio medio è 21 su 33
Statistiche sulle risposte
L1 % Corretto
Chiaia
89%
Garibaldi
89%
Toledo
89%
Dante
85%
Piscinola-Scampia
85%
Piscinola-Scampia
85%
Centro Direzionale
81%
Università
81%
Municipio
78%
Municipio
78%
Museo
78%
Duomo
74%
Colli Aminei
63%
Medaglie d'Oro
59%
Mergellina
59%
Mostra
59%
Policlinico
59%
Aversa Centro
56%
Chiaiano-Marianella
56%
Frullone-San Rocco
56%
Materdei
56%
Quattro Giornate
56%
Rione Alto
56%
Vanvitelli
56%
Salvator Rosa
52%
Lala
48%
Aversa Ippodromo
44%
Montedonzelli
44%
San Pasquale
44%
Arco Mirelli-Repubblica
41%
Giugliano
41%
Augusto
33%
Mugnano
33%
Nessun quiz corrispondente trovato
Distribuzione punteggi
Percentuale di utenti per punteggio
Percentile per numero di risposta
I tuoi punteggi nel tempo
Non hai fatto questo quiz dall'ultimo reset